Gaming Quiz

Random Gaming Quiz

All fnaf characters Quiz Stats

Quiz not verified by Sporcle

Challenge
Share
Tweet
Embed
Score 0/112 Timer 10:00
0 Plays Today
Info Fnaf Character % Correct
lead singerFreddy Fazbear
96.9%
guitaristBonnie
95.4%
'NOW I WEAR A BIB THAT SAYS 'LET'S EAT'Chica
93.8%
pirate foxFoxy
93.8%
HallucinationGolden Freddy
92.3%
remake of bearToy Freddy
92.3%
remake of bunnyToy Bonnie
92.3%
remake of chickenToy Chica
92.3%
makes static, recommended Toy FoxyMangle
90.8%
faceless bonnieWithered Bonnie
89.2%
handless chickenWithered Chica
89.2%
broken bearWithered Freddy
87.7%
twitchy foxWithered Foxy
87.7%
extremely annoying!!Balloon Boy
87.7%
Music BoxPuppet
84.6%
wired golden bearWithered Golden Freddy
83.1%
chica's treatCupcake
83.1%
extremely annoying's girlfriendBalloon Girl
75.4%
directorPhone Guy
67.7%
murdererPurple Guy
67.7%
rarely appears in OfficeShadow Bonnie
66.2%
also backup singerSpringtrap
66.2%
black beginner bearNightmare
66.2%
rarely appears in Parts/ServiceShadow Freddy
64.6%
burnt bearPhantom Freddy
64.6%
burnt balloon selling boyPhantom Balloon Boy
64.6%
Handless, springblock dude in FNAF 3,5,6Springtrap
63.9%
burnt chickenPhantom Chica
63.1%
burnt foxPhantom Foxy
63.1%
burnt girl foxPhantom Mangle
63.1%
nightmare bearNightmare Freddy
63.1%
nightmare bunnyNightmare Bonnie
63.1%
Get ready for a surprise!Baby
63.1%
BallerinaBallora
63.1%
burnt marionettePhantom Puppet
61.5%
nightmare chickenNightmare Chica
61.5%
nightmare foxNightmare Foxy
60%
plush of springtrapPLushtrap
58.5%
Info Fnaf Character % Correct
nightmare chicken's treatNightmare Cupcake
58.5%
FnAF 2 Night GuardJeremy Fitzgerald
56.9%
nightmare girl foxNightmare Mangle
56.9%
Obviously looks like MangleFuntime Foxy
55.4%
FNAF 1 Night GuardMike Schmidt
53.8%
nightmare balloon selling boyNightmare Balloon Boy
53.8%
isn't it surprising I'm in Parts/SErvice?Funtime Freddy
53.8%
toy chica's cupcakeToy Cupcake
52.3%
nightmare beginner bearNightmare Fredbear
52.3%
FnAf 2 Night Guard Custom NightFritz Smith
50.8%
halloween bunnyJack-o Bonnie
50.8%
halloween chickenJack-o Chica
50.8%
Ennard with the mask, just plain normal........Ennard
49.2%
FunTime Freddy's Bonnie hand puppetBon-Bon
49.2%
Baby's BabiesBidybab
46.2%
nightmare puppetNightmarionne
41.5%
Toy Freddy, with a black eye!Lefty the Bear
38.9%
form of toy chicken when moves aroundRoaming Toy Chica
36.9%
Sends you messagesPhone Dude
35.4%
Like Bon-BonBonnet
35.4%
Freddy's InsidesEndoskeleton
35.4%
Foxy's InsidesEndoskeleton
35.4%
Baby with a crab claw?!Scrap Baby
33.3%
halloween chicken's treatNightmare Pumpkin
32.3%
rare only in phonesShadow Balloon Boy
30.8%
The CreatorScott Cawthon
30.8%
Mangle+Nightmare Freddy= Ugly resultsMolten Freddy
30.6%
-----'s Burgers and FriesCandy
29.2%
Beginner BearFredbear
29.2%
Minireena in Real SLMinireena 1
27.7%
MInireena in Custom NightMInireena 2
26.2%
Flashing eyed BIdybabElectrobab
26.2%
Like Old FreddyIgnited Freddy
26.2%
Plushtrap's Insides, in FnAF WorldEndoplush
24.6%
Like EndoskeletonYenndo
24.6%
Still Handless I thinkBurnt Chica
23.1%
LeglessBurnt Freddy
21.5%
EarlessBurnt Foxy
21.5%
Info Fnaf Character % Correct
Like Old chicaIgnited Chica
21.5%
Like Old FoxyIgnited Foxy
21.5%
Stays in your bed in FNAF 4Child
20%
Gives iff that Danger alertLolbit
20%
Like Old BonnieIgnited Bonnie
20%
OMG, is like chica!Cindy
16.9%
Rhymes with RatCat
16.9%
FNAF Song, It's Bee So Long, Die in a Fire, and I Got No TimeThe Living Tombstone
15.6%
Ennard with no maskMaskless Ennard
15.4%
A wonderful flightless bird in FNACPenguin
15.4%
FnAc 3 LeaderRat
15.4%
Springtrap with clay?Blank
13.8%
Monkey!!!Chester
13.8%
Beginner BunnySpringbonnie
13.8%
He appears in the Final Nights menuReaper Balloon Boy
12.3%
Althrough the creepiest Final NIghts 3 CHaracterReaper Puppet
10.8%
'Do you really wanna die?'Reaper Toy Chica
10.8%
A reaper Spring?Reaper Springbonnie
10.8%
Withered+Reaper Puppet+Nightmare MangleReaper Mangle
10.8%
Like Toy Freddy a remakeNew Candy
9.2%
Like Toy Chica a remakeNew Cindy
9.2%
Withered #81Withered Blank
9.2%
Withered #82Withered Penguin
9.2%
Withered #84Withered New Candy
7.7%
Withered #85Withered New Cindy
7.7%
Withered #83Withered Chester
7.7%
New Remake of Golden BearToy Golden Freddy
7.7%
Five Long Nights, Five More Nights, We Dont' Bite and Another Five NightsJT Machinima
6.3%
Noticed and Survive the NightMandoPony
3.1%
Bonnie Song, Foxy Song, Chica Song, and Mr. FazbearGroundbreaking
3.1%
Break, break, break my mind, you just made me left behindDagames
3.1%
Violet Rat (More like Violent Rat)Purple Rat
3.1%
New Remake of Beginner BearToy Springbonnie
3.1%
Withered Beginner BunnyWithered Springbonnie
1.5%
He juggles his head in FnAC 3 Reverse Puppet
0%
It's Me, Circus of the Dead, Look at Me Now, and Tryhardninja
0%

You're not logged in!

Compare scores with friends on all Sporcle quizzes.
Join for Free
OR
Log In

You Might Also Like...

Show Comments

Extras

Created May 27, 2017SourceReportNominate
Tags:character, too

Top Quizzes Today


Score Distribution

Your Account Isn't Verified!

In order to create a playlist on Sporcle, you need to verify the email address you used during registration. Go to your Sporcle Settings to finish the process.

Report this User

Report this user for behavior that violates our Community Guidelines.

Details: